Public interest case assessment schemes

Saved in:  
Bibliographic Details
Authors: Crisp, Debbie (Author) ; Whittaker, Claire (Author) ; Harris, Jessica (Author)
Format: Print Book
Language:English
Published: London HMSO 1995
In: Home Office research study (138)
Year: 1995
Online Access: Table of Contents
Availability in Tübingen:Present in Tübingen.
IFK: S XLII 138
UB: KB 8 E 5423
Check availability: HBZ Gateway
Subito Delivery Service: Order now.

MARC

LEADER 00000cam a2200000 c 4500
001 1640045759
003 DE-627
005 20251225204439.0
007 tu
008 950403s1995 xx ||||| 00| ||eng c
020 |a 0113411391  |9 0-11-341139-1 
035 |a (DE-627)1640045759 
035 |a (DE-576)04466334X 
035 |a (DE-599)BSZ04466334X 
035 |a (OCoLC)246261562 
035 |a (OCoLC)32515673 
040 |a DE-627  |b ger  |c DE-627  |e rakwb 
041 |a eng 
082 0 |a 303.38 
100 1 |a Crisp, Debbie  |4 aut 
245 1 0 |a Public interest case assessment schemes  |c by Debbie Crisp, Claire Whittaker and Jessica Harris 
264 1 |a London  |b HMSO  |c 1995 
300 |a X, 58 S.  |b graph. Darst. 
336 |a Text  |b txt  |2 rdacontent 
337 |a ohne Hilfsmittel zu benutzen  |b n  |2 rdamedia 
338 |a Band  |b nc  |2 rdacarrier 
490 1 |a Home Office research study  |v 138 
490 0 |a A Home Office research and Planning Unit Report 
583 1 |a Archivierung prüfen  |c 20200919  |f DE-640  |z 3  |2 pdager 
700 1 |a Whittaker, Claire  |4 aut 
700 1 |a Harris, Jessica  |4 aut 
810 2 |a Großbritannien  |b Home Office  |t Home Office research study  |v 138  |9 138  |w (DE-627)167286013  |w (DE-576)013085530  |w (DE-600)441298-9  |x 0072-6435  |7 am 
856 4 2 |u http://www.gbv.de/dms/spk/sbb/toc/271954906.pdf  |m V:DE-601  |m B:DE-1  |q pdf/application  |x Verlag  |y Inhaltsverzeichnis  |3 Inhaltsverzeichnis  |7 1 
889 |w (DE-576)468672869 
889 |w (DE-627)271954906 
935 |i mdedup 
951 |a BO 
ELC |b 1 
LOK |0 000 xxxxxcx a22 zn 4500 
LOK |0 001 3301308740 
LOK |0 003 DE-627 
LOK |0 004 1640045759 
LOK |0 005 19960513000000 
LOK |0 008 950612||||||||||||||||ger||||||| 
LOK |0 040   |a DE-21  |c DE-627  |d DE-21 
LOK |0 852   |a DE-21 
LOK |0 852 1  |c KB 8 E 5423  |9 00 
LOK |0 935   |a krim 
LOK |0 936ln  |a k14.3 
LOK |0 939   |a 12-06-95  |b l01 
LOK |0 000 xxxxxcx a22 zn 4500 
LOK |0 001 3301308805 
LOK |0 003 DE-627 
LOK |0 004 1640045759 
LOK |0 005 20090619090426 
LOK |0 008 090619||||||||||||||||ger||||||| 
LOK |0 040   |a DE-21-110  |c DE-627  |d DE-21-110 
LOK |0 541   |e 95/287 
LOK |0 852   |a DE-21-110 
LOK |0 852 1  |c S XLII 138  |m p  |9 00 
LOK |0 935   |a i110  |a k110 
LOK |0 938   |k p 
LOK |0 939   |a 19-06-09  |b l01 
ORI |a SA-MARC-krimdoka001.raw 
SIG |a IFK: S XLII 138 
SIG |a UB: KB 8 E 5423